[Event "Cto. Navarra Absoluto Individual 2019"]
[Site "Pamplona"]
[Date "2019.04.19"]
[Round "4"]
[White "Rodriguez Montes, Carlos"]
[Black "Huarte Zozaya, Aitor"]
[Result "0-1"]
[EventDate "2019.04.??"]
[EventCountry "ESP"]
[EventType "swiss"]
[EventRounds "7"]
[WhiteElo "1810"]
[BlackElo "2031"]
[Source "FNA"]
[SourceDate "2019.04.21"]
[SourceTitle "FNA"]

1.e4 e6 2.d3 d5 3.Nd2 c5 4.g3 Nc6 5.Bg2 Nf6 6.Ngf3 b6 7.O-O Bb7 8.exd5 exd5
9.Re1 Be7 10.Nf1 O-O 11.Ne3 Qd7 12.Ng5 h6 13.Bh3 Qd8 14.Nf3 Re8 15.c3 d4 16.Nf5
Bf8 17.Rxe8 Nxe8 18.Bg2 Qf6 19.g4 dxc3 20.Qb3 Rd8 21.Ne1 Nd4 22.Nxd4 Bxg2
23.Kxg2 cxd4 24.bxc3 dxc3 25.Be3 Nc7 26.Rc1 Nd5 27.d4 Qe6 28.h3 Nxe3 29.fxe3
Qxe3 30.Qxc3 Qxd4 31.Qxd4 Rxd4 32.Nf3 Rd5 33.Rc8 g6 34.Kg3 Kg7 35.Kf4 Ra5 36.Rc2
Ra3 37.h4 Bd6 38.Ke4 Bc5 39.Ne5 Ra4 40.Kf3 Ra3 41.Ke4 Rh3 42.Nf3 Rg3 43.g5 a5
44.gxh6 Kxh6 45.Ne5 f5 46.Kf4 Ra3 47.Nf3 Bd6 0-1

[Event "Cto. Navarra Absoluto Individual 2019"]
[Site "Pamplona"]
[Date "2019.04.19"]
[Round "4"]
[White "Roldan Marques, Marta"]
[Black "Aldave Aguado, Adrian"]
[Result "1/2-1/2"]
[EventDate "2019.04.??"]
[EventCountry "ESP"]
[EventType "swiss"]
[EventRounds "7"]
[WhiteElo "1808"]
[BlackElo "1945"]
[Source "FNA"]
[SourceDate "2019.04.21"]
[SourceTitle "FNA"]

1.e4 e6 2.d4 d5 3.exd5 exd5 4.Bd3 Bd6 5.c3 Nc6 6.Ne2 Nge7 7.Bg5 f6 8.Bf4 Bf5
9.O-O g5 10.Bxd6 Qxd6 11.Bxf5 Nxf5 12.Qd3 Qd7 13.f4 g4 14.Ng3 Nxg3 15.Qxg3 O-O-O
16.Qd3 Ne7 17.Nd2 Qf5 18.Qxf5 Nxf5 19.Rfe1 Rde8 20.Kf2 h5 21.Nf1 Nd6 22.Nd2 Kd7
23.Rac1 c6 24.Rb1 Nf5 25.Nf1 Nd6 1/2-1/2

[Event "Cto. Navarra Absoluto Individual 2019"]
[Site "Pamplona"]
[Date "2019.04.19"]
[Round "4"]
[White "Leone Amigot, Haymar"]
[Black "Ortin Blanco, Ainhoa"]
[Result "0-1"]
[EventDate "2019.04.??"]
[EventCountry "ESP"]
[EventType "swiss"]
[EventRounds "7"]
[WhiteElo "1497"]
[BlackElo "1861"]
[Source "FNA"]
[SourceDate "2019.04.21"]
[SourceTitle "FNA"]

1.e4 c5 2.Nf3 Nc6 3.d4 cxd4 4.Nxd4 g6 5.Nc3 Bg7 6.Be3 Nf6 7.Bc4 O-O 8.O-O d6
9.h3 Bd7 10.Re1 Rc8 11.Bb3 a6 12.Qd2 Nxd4 13.Bxd4 Bc6 14.Nd5 Nxd5 15.Bxg7 Kxg7
16.exd5 Bb5 17.c4 Bd7 18.h4 h5 19.Qc3 Kh7 20.Bc2 e6 21.Qg3 e5 22.b3 b5 23.Bd3
Qf6 24.Rac1 bxc4 25.Rxc4 Rxc4 26.Bxc4 Bf5 27.f4 e4 28.Qf2 a5 29.g3 Rc8 30.Rd1
Qc3 31.Qe1 Qf3 32.Kh2 e3 33.Qf1 Qe4 34.Qg2 Qe7 35.Re1 Qa7 36.Qb2 Re8 37.Qf6 e2
38.Kg2 Be4 39.Kh3 Qf2 40.Qxf7 Kh6 41.Rxe2 Qf1 0-1

[Event "Cto. Navarra Absoluto Individual 2019"]
[Site "Pamplona"]
[Date "2019.04.19"]
[Round "4"]
[White "Malon Insausti, Andres"]
[Black "Ayucar Nunez, Inigo"]
[Result "1-0"]
[EventDate "2019.04.??"]
[EventCountry "ESP"]
[EventType "swiss"]
[EventRounds "7"]
[WhiteElo "1854"]
[BlackElo "1248"]
[Source "FNA"]
[SourceDate "2019.04.21"]
[SourceTitle "FNA"]

1.Nf3 e6 2.c4 c5 3.g3 b6 4.Bg2 Bb7 5.O-O Nc6 6.Nc3 Be7 7.e4 d6 8.d4 cxd4 9.Nxd4
Bf6 10.e5 Nxd4 11.exf6 Qxf6 12.Bxb7 Rb8 13.Bg2 Ne7 14.Be3 Ndf5 15.Qa4 b5 16.cxb5
O-O 17.Bxa7 Rbd8 18.b6 Nc8 19.Rad1 d5 20.Qa6 Nfe7 21.Bb8 Nc6 22.Bc7 Rd7 23.Qa4
Nb8 24.Qa8 Ne7 25.Qa4 Nbc6 26.Qb5 Qg6 27.a4 f5 28.Ne2 Qe8 29.a5 Qc8 30.Nf4 Rf6
31.Rfe1 Qb7 32.a6 Qc8 33.Rxe6 Rxc7 34.Rxf6 Rd7 35.Re6 Rd8 36.Ree1 Qb8 37.Nxd5
Kf8 38.Nxe7 Nxe7 39.Rxd8 Qxd8 40.Qc5 1-0

[Event "Cto. Navarra Absoluto Individual 2019"]
[Site "Pamplona"]
[Date "2019.04.19"]
[Round "4"]
[White "Del Carmen Hernandez, Aimer"]
[Black "Garralda Ruiz, Ander"]
[Result "1-0"]
[EventDate "2019.04.??"]
[EventCountry "ESP"]
[EventType "swiss"]
[EventRounds "7"]
[WhiteElo "1895"]
[BlackElo "1811"]
[Source "FNA"]
[SourceDate "2019.04.21"]
[SourceTitle "FNA"]

1.e4 c5 2.Nf3 Nc6 3.b3 Nf6 4.Nc3 d6 5.Bb2 g6 6.Nd5 Bg7 7.Bb5 O-O 8.Nxf6 Bxf6
9.Bxf6 exf6 10.Bxc6 bxc6 11.d3 Re8 12.Nd2 d5 13.O-O f5 14.f3 fxe4 15.fxe4 Be6
16.Qf3 c4 17.Rad1 cxd3 18.cxd3 Qa5 19.exd5 cxd5 20.Rf2 Qxa2 21.Re1 Qa6 22.Qf6
Qb6 23.d4 Bf5 24.Rxe8 Rxe8 25.Qxb6 Re1 26.Rf1 Rxf1 27.Nxf1 axb6 28.Ne3 Be4
29.Kf2 f5 30.g3 Kf7 31.b4 Ke6 32.Nd1 Bd3 33.Nb2 Bc4 34.Na4 b5 35.Nc5 Kf6 36.Ke3
Kg5 37.Kf3 h6 38.Nd7 f4 39.h4 Kf5 40.g4 Ke6 41.Nc5 Kf6 42.Kxf4 Be2 43.g5 hxg5
44.hxg5 Ke7 45.Ke5 Bc4 46.Na6 Kd8 47.Kd6 Bd3 48.Kxd5 Bc4 49.Kc6 Ke7 50.Nc7 Be2
51.d5 1-0

[Event "Cto. Navarra Absoluto Individual 2019"]
[Site "Pamplona"]
[Date "2019.04.19"]
[Round "4"]
[White "Ramos Dominguez, Joaquin"]
[Black "Cemborain Oricain, Alfonso"]
[Result "0-1"]
[EventDate "2019.04.??"]
[EventCountry "ESP"]
[EventType "swiss"]
[EventRounds "7"]
[WhiteElo "2116"]
[BlackElo "1930"]
[Source "FNA"]
[SourceDate "2019.04.21"]
[SourceTitle "FNA"]

1.e4 Nf6 2.e5 Nd5 3.d4 d6 4.Nf3 g6 5.Bc4 c6 6.Nc3 Nxc3 7.bxc3 d5 8.Bd3 Bg4 9.h3
Bxf3 10.Qxf3 e6 11.h4 h5 12.Rb1 b6 13.Qg3 Be7 14.Rh3 Rg8 15.Qf4 Nd7 16.Rf3 Rf8
17.g3 Qc7 18.Bd2 b5 19.Qh6 O-O-O 20.a4 a6 21.Qe3 Nb6 22.axb5 cxb5 23.Qe2 Kb7
24.Rb3 Nc4 25.Bh6 Na5 26.Bxf8 Nxb3 27.Bxe7 Qxc3 28.Kf1 Nxd4 29.Qe3 Rd7 30.Rxf7
Nc6 31.Bxg6 Qxe3 32.fxe3 Nxe5 33.Bxh5 Nxf7 34.Bf6 Nd6 35.g4 Ne4 36.Be5 a5 37.Ke2
b4 38.Kd1 Rh7 39.Kc1 Ka6 40.Kb2 a4 41.Ka2 Kb5 42.Be8 Kc4 43.h5 b3 44.Kb1 Nc3
45.Bxc3 Kxc3 46.Bxa4 b2 47.Bb3 Rf7 0-1

[Event "Cto. Navarra Absoluto Individual 2019"]
[Site "Pamplona"]
[Date "2019.04.19"]
[Round "4"]
[White "Sola Plaza, Gregorio"]
[Black "Abrisqueta Zudaire, Ines"]
[Result "1-0"]
[EventDate "2019.04.??"]
[EventCountry "ESP"]
[EventType "swiss"]
[EventRounds "7"]
[WhiteElo "1806"]
[BlackElo "1371"]
[Source "FNA"]
[SourceDate "2019.04.21"]
[SourceTitle "FNA"]

1.e4 e5 2.Nf3 Nc6 3.Nc3 Nf6 4.d4 exd4 5.Nxd4 Bc5 6.Be3 Nxd4 7.Bxd4 Bxd4 8.Qxd4
d6 9.Be2 O-O 10.O-O Re8 11.f4 Bg4 12.Bd3 Be6 13.Rae1 Qe7 14.Qf2 h6 15.h3 Bd7
16.e5 dxe5 17.fxe5 Nh7 18.Nd5 Qd8 19.Qxf7 Kh8 20.Qg6 Ng5 21.Rf7 Rg8 22.Ne7 Be6
23.Qh7 Nxh7 24.Ng6 1-0

[Event "Cto. Navarra Absoluto Individual 2019"]
[Site "Pamplona"]
[Date "2019.04.19"]
[Round "4"]
[White "Fuentes Guinot, Alejandro"]
[Black "Roviralta Montero, Axel"]
[Result "0-1"]
[EventDate "2019.04.??"]
[EventCountry "ESP"]
[EventType "swiss"]
[EventRounds "7"]
[WhiteElo "1457"]
[BlackElo "1771"]
[Source "FNA"]
[SourceDate "2019.04.21"]
[SourceTitle "FNA"]

1.d4 b5 2.Bf4 Bb7 3.Nf3 e6 4.e3 b4 5.Be2 Be7 6.O-O d6 7.Nbd2 Nd7 8.c4 c5 9.Rc1
a5 10.b3 h5 11.Re1 g5 12.dxc5 gxf4 13.cxd6 Bxd6 14.Nd4 fxe3 15.fxe3 Ngf6 16.N2f3
Ng4 17.Nxe6 Qb6 18.Ng7 Kf8 19.Nf5 Bc5 20.Qxd7 Rd8 21.Qb5 Bxe3 22.Kf1 Qxb5
23.cxb5 Bxc1 24.Rxc1 Be4 25.Ng3 Bxf3 26.gxf3 Ne3 27.Kf2 Nd5 28.Nf5 Nc3 29.b6 Rb8
30.a3 Nxe2 31.Kxe2 bxa3 32.Ra1 Rxb6 33.Rxa3 Rb5 34.Nd6 Re5 35.Kf2 Rg8 36.Nc4
Reg5 37.Ne3 Rb5 38.f4 Kg7 39.Kf3 Rd8 40.Ke2 Rd4 41.Kf3 Rd3 42.Ke4 Rbxb3 43.Nf5
Kf6 44.Rxa5 Ra3 45.Rb5 Rdb3 46.Rxb3 Rxb3 47.Ne3 Rb2 48.Nd5 Ke6 49.f5 Kd6 50.h3
Re2 51.Kf3 Kxd5 52.Kxe2 Ke5 53.Kf2 Kxf5 54.Kf3 Kg5 55.Kg3 h4 56.Kf3 f5 57.Ke3 f4
58.Kf3 Kf5 59.Kf2 Ke4 60.Ke2 f3 61.Kf2 Kf4 62.Kf1 Kg3 63.Kg1 Kxh3 64.Kh1 Kg3
65.Kg1 f2 66.Kf1 h3 67.Ke2 Kg2 68.Ke3 f1=Q 69.Kd2 Qf3 70.Kc2 h2 71.Kd2 h1=Q
72.Kc2 Qhd1 73.Kb2 Qfb3 0-1

[Event "Cto. Navarra Absoluto Individual 2019"]
[Site "Pamplona"]
[Date "2019.04.19"]
[Round "4"]
[White "Iturralde Olcoz, Sergio"]
[Black "Pascual Garcia, Martin"]
[Result "0-1"]
[EventDate "2019.04.??"]
[EventCountry "ESP"]
[EventType "swiss"]
[EventRounds "7"]
[WhiteElo "1531"]
[BlackElo "1727"]
[Source "FNA"]
[SourceDate "2019.04.21"]
[SourceTitle "FNA"]

1.e4 c5 2.Nc3 Nc6 3.g3 e5 4.Bg2 g6 5.d3 Bg7 6.Be3 d6 7.Qd2 Be6 8.f4 Nge7 9.Nf3
Nd4 10.O-O Qd7 11.Rf2 h5 12.fxe5 Nxf3 13.Rxf3 Bg4 14.exd6 Qxd6 15.Rf2 h4 16.Bf4
Qb6 17.Rb1 hxg3 18.hxg3 Rh5 19.Nd5 Nxd5 20.exd5 O-O-O 21.c4 Rdh8 22.b4 g5 23.Be3
Qh6 24.Rff1 Be5 25.Kf2 Rh2 26.Bxg5 Rxg2 27.Ke1 Bxg3 0-1

[Event "Cto. Navarra Absoluto Individual 2019"]
[Site "Pamplona"]
[Date "2019.04.19"]
[Round "4"]
[White "Santos Usua, Mikel"]
[Black "Oroz Carrasco, Adrian"]
[Result "0-1"]
[EventDate "2019.04.??"]
[EventCountry "ESP"]
[EventType "swiss"]
[EventRounds "7"]
[WhiteElo "1580"]
[BlackElo "1506"]
[Source "FNA"]
[SourceDate "2019.04.21"]
[SourceTitle "FNA"]

1.d4 c5 2.Bf4 d5 3.e3 Nc6 4.c3 Qb6 5.Qc2 Nf6 6.Nd2 cxd4 7.exd4 e6 8.Ngf3 Bd7
9.Qb3 Qxb3 10.Nxb3 Nh5 11.Bg3 Nxg3 12.hxg3 Bd6 13.Bd3 h6 14.Kd2 O-O-O 15.Rhe1 g6
16.Ne5 Nxe5 17.dxe5 Bc7 18.Nd4 g5 19.f4 gxf4 20.gxf4 Rdg8 21.Re2 f6 22.Rf1 Rf8
23.Rc1 fxe5 24.fxe5 Bd8 25.Nf3 b5 26.Ke1 Rhg8 27.Kf1 Bh4 28.Rec2 Be8 29.c4 bxc4
30.Bxc4 dxc4 31.Rxc4 Kb7 32.Rxh4 h5 33.Rb4 Ka6 34.Rc7 Bb5 35.Kf2 Rg4 36.Rb3 Rfg8
37.Ne1 Rf8 38.Rf3 Rd8 39.Rff7 Rd2 40.Kg1 Re2 41.Rxa7 Kb6 42.Rab7 Ka6 43.Nf3
Rexg2 44.Kh1 Bc6 45.Ra7 Kb6 46.Ra3 Rxb2 47.Rf6 Bd5 48.Rf8 Rxa2 49.Rxa2 Bxa2
50.Kh2 Bd5 51.Kh3 Bxf3 52.Rxf3 Kc5 53.Rd3 Rg5 54.Kh4 Rxe5 55.Rd8 Rd5 56.Re8 Kd6
57.Rd8 Kc6 58.Re8 Kd7 59.Rh8 Rf5 60.Ra8 e5 61.Kg3 Ke6 62.Ra4 Kf6 63.Rb4 Kg5
64.Rb8 h4 65.Kg2 e4 66.Rb4 Kf4 67.Kh3 Kf3 68.Kxh4 e3 69.Rb3 Kf2 70.Kg4 Rf7
71.Rb2 e2 72.Ra2 Kf1 73.Kg3 e1=Q 0-1

[Event "Cto. Navarra Absoluto Individual 2019"]
[Site "Pamplona"]
[Date "2019.04.19"]
[Round "4"]
[White "Oyaga Valencia, Jesus Maria"]
[Black "Zaratiegui Cardesa, Jose"]
[Result "1-0"]
[EventDate "2019.04.??"]
[EventCountry "ESP"]
[EventType "swiss"]
[EventRounds "7"]
[WhiteElo "1650"]
[BlackElo "1731"]
[Source "FNA"]
[SourceDate "2019.04.21"]
[SourceTitle "FNA"]

1.d4 Nf6 2.c4 g6 3.Nc3 d5 4.cxd5 Nxd5 5.e4 Nxc3 6.bxc3 Bg7 7.Nf3 c5 8.e5 Nc6
9.Bb5 O-O 10.O-O Qa5 11.Bxc6 bxc6 12.Be3 Ba6 13.Re1 Rfd8 14.Qc2 Rab8 15.dxc5 e6
16.Nd4 Qc7 17.f4 Bc4 18.Reb1 Bf8 19.Rxb8 Rxb8 20.Nf3 Qa5 21.Nd2 Bb5 22.Ne4 Qa3
23.Nd6 Ba4 24.Qc1 Qb2 25.Qxb2 Rxb2 26.Bd4 Bc2 27.c4 Rb8 28.Kf2 Be7 29.Ke3 g5
30.g3 Bg6 31.Bc3 gxf4 32.Kxf4 Kg7 33.Rf1 f6 34.Ke3 f5 35.Kf4 Bh5 36.h4 Bg4
37.Ke3 Bh3 38.Rh1 Bg4 39.Kd2 Bf3 40.Rc1 h5 41.Rf1 Bg4 42.Kc2 Be2 43.Rf2 Bg4
44.Kc1 Kg6 45.Be1 Bf8 46.Bd2 Bg7 47.Bf4 Rb4 48.Rb2 Rxb2 49.Kxb2 Bf8 50.Kc3 Be7
51.Nc8 Bxc5 52.Nd6 Be2 53.Nb7 Bb6 54.c5 Bc7 55.Kb4 Kf7 56.Nd6 Ke7 57.Bg5 Kd7
58.Bf4 a5 59.Kc3 Ba6 60.a4 Be2 61.Kb3 Bd1 62.Ka3 Be2 63.Bd2 Ba6 64.Kb3 Ke7
65.Kc2 Kd7 66.Bc3 Bd8 67.Kd2 Bc7 68.Ke3 Ke7 69.Kf4 Be2 70.Nb7 Bd1 71.Bxa5 Bxa5
72.Nxa5 Bxa4 73.Nc4 Kf7 74.Kg5 Bd1 75.Nd6 Ke7 76.Kg6 Bf3 77.Nc4 Kd7 78.Kf7 Bd5
79.Nb6 Kc7 80.Ke7 Bb3 81.Nd7 Kb7 82.Kd6 1-0

[Event "Cto. Navarra Absoluto Individual 2019"]
[Site "Pamplona"]
[Date "2019.04.19"]
[Round "5"]
[White "Narciso Dublan, Marc"]
[Black "Huerga Leache, Mikel"]
[Result "1/2-1/2"]
[EventDate "2019.04.??"]
[EventCountry "ESP"]
[EventType "swiss"]
[EventRounds "7"]
[WhiteElo "2491"]
[BlackElo "2448"]
[Source "FNA"]
[SourceDate "2019.04.21"]
[SourceTitle "FNA"]

1.d4 e6 2.c4 Nf6 3.Nc3 Bb4 4.Qc2 O-O 5.a3 Bxc3 6.Qxc3 b5 7.cxb5 c6 8.Bg5 cxb5
9.e3 Bb7 10.Nf3 a6 11.Bd3 h6 12.Bh4 d6 13.O-O g5 14.Bg3 Nh5 15.Rac1 Nxg3 16.fxg3
Nd7 17.e4 Rc8 18.Qd2 Rxc1 19.Rxc1 Qb6 20.Qf2 Nf6 21.Re1 Ng4 22.Qd2 Ne5 23.Bb1
Rc8 24.Kh1 Nxf3 25.gxf3 e5 26.d5 f6 27.Kg2 Rc4 28.Bd3 Qd4 29.Rd1 Rc8 30.Qf2 Qxf2
31.Kxf2 Rc5 32.Ra1 Kf8 33.Ke3 Ke7 34.h4 Rc8 35.a4 bxa4 36.Rxa4 Ra8 37.Rc4 Kd7
38.Bf1 Rg8 39.Ra4 Rb8 40.Kd2 Kc7 41.Kc2 Kb6 42.Rb4 Ka7 43.Bh3 Rg8 44.Be6 Rg7
45.h5 Rc7 46.Kd2 Bc8 47.Bxc8 Rxc8 48.Ra4 Rc5 49.Ra1 Rb5 50.Kc3 Rc5 51.Kd3 Rb5
52.Kc3 Rc5 53.Kd3 Rb5 1/2-1/2

[Event "Cto. Navarra Absoluto Individual 2019"]
[Site "Pamplona"]
[Date "2019.04.19"]
[Round "5"]
[White "Urriza Iricibar, Pablo"]
[Black "Huarte Zozaya, Aitor"]
[Result "1/2-1/2"]
[EventDate "2019.04.??"]
[EventCountry "ESP"]
[EventType "swiss"]
[EventRounds "7"]
[WhiteElo "2301"]
[BlackElo "2031"]
[Source "FNA"]
[SourceDate "2019.04.21"]
[SourceTitle "FNA"]

1.e4 c5 2.Nc3 a6 3.g3 b5 4.Bg2 Bb7 5.Nh3 e6 6.O-O Nf6 7.d3 b4 8.Nb1 Be7 9.Nf4
O-O 10.e5 Nd5 11.Nxd5 exd5 12.Qg4 Re8 13.f4 Qc7 14.Nd2 c4 15.Nf3 c3 16.b3 d4
17.f5 Bf8 18.Bh6 Kh8 19.Ng5 d6 20.e6 f6 21.Bxb7 Qxb7 22.Nxh7 Kxh7 23.Qg6 Kg8
24.Qxe8 gxh6 25.Rf4 Nc6 26.Qh5 Ne5 27.Kf2 Rc8 28.h4 Rc7 29.Rg1 Rg7 30.g4 Qc7
31.Re4 d5 32.Ree1 Nxg4 33.Rxg4 Qh2 34.Kf1 Qh1 35.Kf2 Qh2 36.Kf1 Qh1 1/2-1/2

[Event "Cto. Navarra Absoluto Individual 2019"]
[Site "Pamplona"]
[Date "2019.04.19"]
[Round "5"]
[White "Sevilla Subiza, Javier"]
[Black "Malon Insausti, Andres"]
[Result "0-1"]
[EventDate "2019.04.??"]
[EventCountry "ESP"]
[EventType "swiss"]
[EventRounds "7"]
[WhiteElo "2087"]
[BlackElo "1854"]
[Source "FNA"]
[SourceDate "2019.04.21"]
[SourceTitle "FNA"]

1.d4 Nf6 2.Bg5 Ne4 3.Bf4 c5 4.d5 e6 5.f3 Qa5 6.c3 Nf6 7.e4 exd5 8.exd5 d6 9.Qd2
Be7 10.c4 Qxd2 11.Kxd2 b5 12.Nc3 bxc4 13.Bxc4 Nbd7 14.Kc2 Nb6 15.Bb5 Bd7 16.Bxd7
Kxd7 17.Rd1 Rhe8 18.g4 Bf8 19.b3 Rab8 20.Bg5 Ng8 21.Nge2 h6 22.Bf4 Ne7 23.Rhe1
Ng6 24.Ne4 Nh4 25.Nxc5 dxc5 26.Bxb8 Rxb8 27.Ng1 Bd6 28.Re2 Ng6 29.h3 Nf4 30.Re4
Nfxd5 31.a3 Kc6 32.Ne2 Nf6 33.Re3 Nbd5 34.Red3 Re8 35.R1d2 Re6 36.b4 Ne3 37.Kb1
Nfd5 38.bxc5 Bxc5 39.Nd4 Bxd4 40.Rxd4 Rf6 41.Rf2 Kc5 42.Rdd2 Kc4 43.Kc1 Nf4
44.Rh2 Nd3 45.Kb1 Rxf3 46.Rh1 Kc3 47.Re2 Nc4 48.Ka2 Rf6 49.Rb1 Ra6 50.Rb3 Kd4
51.Rc2 Ra5 52.Rcc3 Nc5 0-1

[Event "Cto. Navarra Absoluto Individual 2019"]
[Site "Pamplona"]
[Date "2019.04.19"]
[Round "5"]
[White "Ortin Blanco, Ainhoa"]
[Black "Del Carmen Hernandez, Aimer"]
[Result "1-0"]
[EventDate "2019.04.??"]
[EventCountry "ESP"]
[EventType "swiss"]
[EventRounds "7"]
[WhiteElo "1861"]
[BlackElo "1895"]
[Source "FNA"]
[SourceDate "2019.04.21"]
[SourceTitle "FNA"]

1.d4 Nf6 2.c4 c5 3.d5 b5 4.Qc2 b4 5.Bf4 d6 6.h3 g6 7.e3 Bg7 8.Bd3 a5 9.a3 Bb7
10.Nd2 Nbd7 11.Ngf3 O-O 12.O-O Qb6 13.Rfb1 a4 14.Nf1 b3 15.Qe2 e6 16.e4 Rae8
17.Qd2 Nh5 18.Bh6 e5 19.Bxg7 Nxg7 20.Qh6 f6 21.Ng3 Rf7 22.Ne2 Nf8 23.h4 Bc8
24.Nc3 Bd7 25.Qd2 Nh5 26.g3 Kg7 27.Be2 Qa6 28.Nb5 Rc8 29.Kg2 f5 30.Ng5 Re7 31.f4
h6 32.Ne6 Nxe6 33.dxe6 Bxb5 34.cxb5 Qb6 35.exf5 exf4 36.Bxh5 gxh5 37.Qxf4 Rf8
38.Re1 Qxb5 39.Rad1 Qb7 40.Kh2 Qa7 41.Rxd6 c4 42.Qe5 Rf6 43.Rf1 Qc7 44.Qd4 c3
45.bxc3 b2 46.Rb6 Qc8 47.Rxb2 Qa6 48.Rff2 Qa5 49.Rb4 Qc7 50.Rxa4 Qb7 51.Rb4 Qa8
52.a4 Qa6 53.c4 Rc7 54.c5 Qa5 55.Rb5 Qe1 56.Kg2 Ra7 57.c6 Rc7 58.Rb7 Qa5 59.Rxc7
Qxc7 60.Qd7 1-0

[Event "Cto. Navarra Absoluto Individual 2019"]
[Site "Pamplona"]
[Date "2019.04.19"]
[Round "5"]
[White "Aldave Aguado, Adrian"]
[Black "Roldan Marques, Daniel"]
[Result "1-0"]
[EventDate "2019.04.??"]
[EventCountry "ESP"]
[EventType "swiss"]
[EventRounds "7"]
[WhiteElo "1945"]
[BlackElo "2171"]
[Source "FNA"]
[SourceDate "2019.04.21"]
[SourceTitle "FNA"]

1.d4 d5 2.c4 e6 3.Nc3 c6 4.e3 Bd6 5.Nf3 f5 6.Bd3 Nf6 7.O-O O-O 8.b3 Qe7 9.Bb2
Ne4 10.Ne2 Rf6 11.Ne5 Rh6 12.f3 Nf6 13.Qc2 Nbd7 14.Rae1 Qe8 15.Ng3 Nh5 16.Nh1
Qe7 17.g4 Bxe5 18.dxe5 Rg6 19.Kf2 dxc4 20.bxc4 Qh4 21.Ke2 Nxe5 22.gxh5 Qxh2
23.Kd1 Rg2 24.Re2 Rxe2 25.Bxe2 Bd7 26.Nf2 Be8 27.Nd3 Rd8 28.Bd4 Nxd3 29.Bxd3 Qh3
30.c5 Bxh5 31.Qf2 b6 32.Kc2 bxc5 33.Bxc5 Rd5 34.Bd4 Ra5 35.Bc4 f4 36.e4 Kf7
37.Bb2 Kg6 38.Rg1 Kh6 39.Rf1 g5 40.Kb1 Qg3 41.Bxe6 1-0

[Event "Cto. Navarra Absoluto Individual 2019"]
[Site "Pamplona"]
[Date "2019.04.19"]
[Round "5"]
[White "Ruiz Escobar, Rafael"]
[Black "Roldan Marques, Marta"]
[Result "0-1"]
[EventDate "2019.04.??"]
[EventCountry "ESP"]
[EventType "swiss"]
[EventRounds "7"]
[WhiteElo "1921"]
[BlackElo "1808"]
[Source "FNA"]
[SourceDate "2019.04.21"]
[SourceTitle "FNA"]

1.Nf3 d5 2.d4 Nf6 3.c4 c6 4.Nc3 e6 5.e3 Bd6 6.Bd3 dxc4 7.Bxc4 Nbd7 8.O-O O-O
9.Bd3 e5 10.Re1 Re8 11.dxe5 Nxe5 12.Nxe5 Bxe5 13.h3 g6 14.Qc2 Nd5 15.a3 Nxc3
16.bxc3 Qg5 17.Bb2 Bg7 18.Kh1 Qh4 19.c4 Bxb2 20.Qxb2 c5 21.Kg1 Qg5 22.f4 Qg3
23.Qf2 Qxf2 24.Kxf2 b6 25.e4 Bb7 26.e5 Rad8 27.Be4 Bxe4 28.Rxe4 Rd2 29.Kf3 Red8
30.Rae1 R8d3 31.R4e3 Rxe3 32.Rxe3 Rc2 33.g4 Rxc4 34.Rd3 Kf8 35.h4 Ke7 36.h5 b5
37.hxg6 hxg6 38.f5 gxf5 39.gxf5 a5 40.Rd6 Rc3 41.Ke4 Rxa3 42.f6 Ke8 43.Rb6 b4
44.Kd5 Rd3 45.Kxc5 b3 46.Kc4 Rh3 47.Rb8 Kd7 48.Rb7 Kc6 49.Rb8 Kc7 50.Rb5 a4
51.Kb4 Rh4 52.Ka3 Re4 53.Ra5 Kb7 54.Rd5 Kc7 55.Ra5 Re2 56.Ra7 Kc6 57.Ra5 Ra2
58.Kb4 b2 59.Rc5 Kd7 0-1

[Event "Cto. Navarra Absoluto Individual 2019"]
[Site "Pamplona"]
[Date "2019.04.19"]
[Round "5"]
[White "Habans Aguerrea, Javier"]
[Black "Abrisqueta Zudaire, Leyre"]
[Result "1-0"]
[EventDate "2019.04.??"]
[EventCountry "ESP"]
[EventType "swiss"]
[EventRounds "7"]
[WhiteElo "2057"]
[BlackElo "2023"]
[Source "FNA"]
[SourceDate "2019.04.21"]
[SourceTitle "FNA"]

1.d4 d5 2.c4 e6 3.Nf3 Nf6 4.g3 c6 5.Bg2 Bd6 6.Nbd2 Nbd7 7.O-O Qe7 8.Re1 dxc4
9.e4 e5 10.Nxc4 O-O 11.b3 Bb4 12.dxe5 Ng4 13.Bg5 Qc5 14.Rf1 Ndxe5 15.Nfxe5 Nxe5
16.Be3 Qe7 17.Nxe5 Qxe5 18.Qc2 Rd8 19.Rad1 Bg4 20.f3 Bh5 21.g4 Rxd1 22.Rxd1 Bg6
23.f4 Bxe4 24.Qxe4 Qa5 25.f5 Bf8 26.f6 g6 27.a4 Qc3 28.Bf1 Qxf6 29.Bc4 Bg7
30.Rf1 Qc3 31.Rxf7 Kh8 32.Rxg7 Qe1 33.Kg2 Rd8 34.Rg8 Rxg8 35.Bd4 Rg7 36.Qxe1 1-0

[Event "Cto. Navarra Absoluto Individual 2019"]
[Site "Pamplona"]
[Date "2019.04.19"]
[Round "5"]
[White "Cemborain Oricain, Alfonso"]
[Black "Ayucar Nunez, Inigo"]
[Result "1-0"]
[EventDate "2019.04.??"]
[EventCountry "ESP"]
[EventType "swiss"]
[EventRounds "7"]
[WhiteElo "1930"]
[BlackElo "1248"]
[Source "FNA"]
[SourceDate "2019.04.21"]
[SourceTitle "FNA"]

1.e4 e6 2.d3 d5 3.Nd2 c5 4.Ngf3 Nc6 5.g3 Bd6 6.Bg2 Nf6 7.O-O O-O 8.Re1 Qc7 9.Qe2
Be7 10.e5 Nd7 11.Nf1 b6 12.c3 Ba6 13.Bf4 Rfe8 14.h4 Bf8 15.N1h2 h6 16.Qe3 Qc8
17.g4 Ne7 18.h5 Bb7 19.d4 c4 20.Nh4 Qc6 21.g5 Nf5 22.Qh3 Nxh4 23.Qxh4 Be7 24.Qg3
hxg5 25.Bxg5 Bxg5 26.Qxg5 Nf8 27.Re3 Nh7 28.Qh4 Qd7 29.Rg3 Qe7 30.Qg4 f5 31.Qf4
Qf7 32.Bf3 Re7 33.Kh1 Kh8 34.Rag1 Rg8 35.Rg6 Bc6 36.h6 Qf8 37.Qh4 Be8 38.hxg7
Rexg7 39.Rxg7 Qxg7 40.Rxg7 Rxg7 41.Qd8 Rg8 42.Qe7 Ng5 43.Bg2 Bh5 44.f4 Ne4
45.Bxe4 dxe4 46.Qh4 Rg7 47.Qxh5 Rh7 48.Qe8 Kg7 49.Qxe6 e3 50.Qxf5 e2 51.Qg4 Kf7
52.Qxe2 b5 53.e6 Ke7 54.Qe5 b4 55.Qc7 Kxe6 56.Qxh7 bxc3 57.bxc3 Kd5 58.f5 a5
59.f6 a4 60.f7 1-0

[Event "Cto. Navarra Absoluto Individual 2019"]
[Site "Pamplona"]
[Date "2019.04.19"]
[Round "5"]
[White "Pascual Garcia, Martin"]
[Black "Sola Plaza, Gregorio"]
[Result "1/2-1/2"]
[EventDate "2019.04.??"]
[EventCountry "ESP"]
[EventType "swiss"]
[EventRounds "7"]
[WhiteElo "1727"]
[BlackElo "1806"]
[Source "FNA"]
[SourceDate "2019.04.21"]
[SourceTitle "FNA"]

1.c4 Nf6 2.Nc3 e6 3.e4 d5 4.e5 d4 5.exf6 dxc3 6.bxc3 Qxf6 7.Nf3 b6 8.d4 Bb7
9.Be2 Bd6 10.Bg5 Qf5 11.h3 O-O 12.Bd3 Qa5 13.Bd2 Nd7 14.O-O Nf6 15.Re1 Rfd8
16.Ne5 c5 17.Qc2 cxd4 18.cxd4 Bb4 19.Bxb4 Qxb4 20.Rab1 Qe7 21.d5 Qc7 22.dxe6
fxe6 23.Ng4 Rd6 24.Re3 Rad8 25.c5 Rc6 26.Nxf6 gxf6 27.Qb3 Kh8 28.Rbe1 e5 29.cxb6
Rxb6 30.Qa4 Qc6 31.Qxc6 Bxc6 32.Rc1 1/2-1/2

[Event "Cto. Navarra Absoluto Individual 2019"]
[Site "Pamplona"]
[Date "2019.04.19"]
[Round "5"]
[White "Roviralta Montero, Axel"]
[Black "Leone Amigot, Haymar"]
[Result "1-0"]
[EventDate "2019.04.??"]
[EventCountry "ESP"]
[EventType "swiss"]
[EventRounds "7"]
[WhiteElo "1771"]
[BlackElo "1497"]
[Source "FNA"]
[SourceDate "2019.04.21"]
[SourceTitle "FNA"]

1.e4 e5 2.d4 exd4 3.Qxd4 Nc6 4.Qe3 Bb4 5.Bd2 Qe7 6.Nc3 Nf6 7.O-O-O d6 8.h3 Bd7
9.g4 Bc5 10.Qe1 h6 11.f4 O-O-O 12.g5 hxg5 13.fxg5 Ng4 14.Nd5 Qe6 15.Bc4 Qe8
16.b4 Bf2 17.Qe2 Nd4 18.Qd3 Ne5 19.Qf1 Bxg1 20.Qxg1 Nef3 21.Qe3 Nxd2 22.Rxd2 Nc6
23.b5 Nb8 24.Qxa7 Bxb5 25.Qa5 b6 26.Qxb5 Qxe4 27.Rhd1 Rxh3 28.Re2 Qh4 29.Ne7 Kb7
30.Bd5 c6 31.Bxc6 Nxc6 32.Qxc6 Ka6 33.Qd5 Qf4 34.Red2 Qa4 35.Rd3 Rh2 36.Rb3 f6
37.Rdd3 Rxc2 38.Kxc2 Qxa2 39.Kc1 1-0